00735 2200277 4500001002100000005001500021035002000036007000300056008004100059020002200100082001300122084002000135100003000155245008700185250001100272260003900283300001600322600002800338990001300366990001300379990001300392990001300405990001300418990001300431990001300444INLIS00000000000805520251216054402 a0010-0322000074ta251216 g 0 ind  a978-623-311-089-1 a297.1221 a297.1221 MUQ a0 aMUQBIL BIN HADI AL-WADI'I1 aASBABUN NUZUL LATAR BELAKANG TURUNNYA AYAT AL-QUR'AN /cMUQBIL BIN HADI AL-WADI'I aCet. 1 aYogyakarta :bHikam Pustaka,c2021 a376 ;c23cm 4aAsbabun nuzul AL-QUR'AN a022.6478 a022.6479 a022.6480 a022.6481 a022.7528 a022.7527 a022.7526